Normal view
MARC view
Entry Geographic Name
001 - CONTROL NUMBER
- control field: 27972
003 - CONTROL NUMBER IDENTIFIER
- control field: OSt
005 - DATE AND TIME OF LATEST TRANSACTION
- control field: 20230714085459.0
008 - FIXED-LENGTH DATA ELEMENTS
- fixed length control field: 230714|| aca||aabn | a|a d
040 ## - CATALOGING SOURCE
- Original cataloging agency: OSt
- Transcribing agency: OSt
151 ## - HEADING--GEOGRAPHIC NAME
- Geographic name: မွန်ပြည်နယ်။
670 ## - SOURCE DATA FOUND
- Source citation: Work cat.: (OSt): နိုင်မောင်တိုး။ 27969, မွန်ဓလေ့နှင့် မွန်မှု /, ၁၉၈၉။